000 00450nam a2200181Ia 4500
001 1842
003 IN-NITTTR
005 20251114232921.0
008 251113s9999||||xx |||||||||||||| ||eng||
040 _beng
040 _cIN-NITTTR
041 _aeng
082 _a537.1 K966E
100 _aKurrelmeyer, Bernhard
245 0 _aElectricity and magnetism. /
_cKurrelmeyer, Bernhard, Mais, Walter H.
700 _a Mais, Walter H.
942 _2ddc
_cBK
999 _c2629
_d2629